000 00527nam a2200193Ia 4500
005 20250923145922.0
008 008 250917s9999 xx 000 0 eng d
037 _aTextual
040 _aDSWL
_beng
_cDSWL
041 _aeng
_2eng
084 _aYX,zr;5, N90;1
_qDSWL
245 0 _aIntroduction of mental health component PNC
_c by W.H.O.
260 _aGeneva
_bW.H.O.
_c1990
300 _a59p.
365 _aINR
_b110.00
925 _g110.00
942 _cTEXL
_hYX,zr;5, N90;1
999 _c1457347
_d1457347